Epopea francese

Uloženo v:
Podrobná bibliografie
Hlavní autor: Ruggieri, Ruggero M (Autor)
Médium: Kniha
Jazyk:italština
Vydáno: Módena Societa Tipografica Modenese 1939
Edice:Testi e Manuali
Témata:
Tagy: Přidat tag
Žádné tagy, Buďte první, kdo vytvoří štítek k tomuto záznamu!

MARC

LEADER 00000nam a2200000 a 4500
001 UCY7512
003 CL-VaPUC
008 950614e19390000IT |||||||||||||||||ita|d
082 0 4 |a 841  |b RUG  |2 21 
100 0 |a Ruggieri, Ruggero M  |e author  |9 338030 
245 1 0 |a Epopea francese 
300 |a 98 p 
942 |c BK 
945 |d 19950614 00:00:00  |a rbrito 
260 |a Módena  |b Societa Tipografica Modenese  |c 1939 
650 0 |a Poesías francesas  |9 265467 
583 |a last modification  |c 20151117 18:49:47  |k Rodrigo Vera 
490 0 |a Testi e Manuali 
999 |c 234868  |d 234866